| 000 | 00527nam a2200193Ia 4500 | ||
|---|---|---|---|
| 005 | 20250508162041.0 | ||
| 008 | 008 250505s9999 xx 000 0 eng d | ||
| 020 | _a0-416-55780-5 | ||
| 037 | _aTextual | ||
| 040 |
_aFEDL _beng _cFEDL |
||
| 041 |
_aeng _2eng |
||
| 084 |
_a370.193, ROB _qFEDL |
||
| 100 |
_aRobinson Philip _9286673 |
||
| 245 | 0 | _aEducation and poverty | |
| 260 |
_aLondon, UK _bMethuen and Co. Ltd. _c1976 |
||
| 300 | _a126p | ||
| 942 |
_cTEXL _h370.193, ROB |
||
| 999 |
_c1374068 _d1374068 |
||